MARC

LEADER 00000nam^a2200000^a^4500
001 000391224
005 20250521000000.0
009 20260310121210.249
020 |a 978-958-8920-09-2 
037 |a Acervo ITESO - Biblioteca 
041 |a ESP 
082 |a 302. 23509861  |b GOM 
100 |a Gómez-Cotta, Camilia  |e (autor) 
245 1 0 |a Representaciones audiovisuales /  |c C. Gómez-Cotta, F.A. Varela Realpe, J.P. Lozano Botache. 
264 4 |a Cali, Colombia :  |b Universidad Santiago de Cali,  |c 2015, c2015 
300 |a 133 p. 
336 |a texto  |b txt  |2 rdacontenido 
337 |a sin mediación  |b n  |2 rdamedio 
338 |a volumen  |b nc  |2 rdasoporte 
649 |a XX 
650 |a Cineastas Norteamericanos 
650 |a Lenguaje Cinematográfico 
650 |a Producción Cinematográfica -  |z Colombia 
650 |a Cine de Animación -  |z Colombia -  |x Historia y Crítica 
650 |a Cine de Animación -  |z EUA -  |x Historia y Crítica 
650 |a Cine Colombiano -  |x Historia y Crítica -  |x Tema Principal 
650 |a Cine Colombiano -  |y 2000-2009 
650 |a Cine Colombiano -  |y 2010-2019 
650 |a Cine Colombiano -  |y Siglo XXI 
650 |a Cine Norteamericano -  |x Historia y Crítica 
650 |a Cine Norteamericano -  |y 2000-2009 
650 |a Cine Norteamericano -  |y Siglo XXI 
650 |a Cine -  |x Teoría 
650 |a Centralización y Descentralización -  |z Colombia 
650 |a Sociología de la Comunicación 
650 |a Andrade, Oscar 
650 |a Campo, Oscar 
650 |a Carrillo, Jairo Eduardo 
650 |a Dorado, José Antonio 
650 |a Linklater, Richard 
700 |a Varela Realpe, Félix Antonio  |e (autor) 
700 |a Lozano Botache, Jorge Prudencio  |e (autor) 
910 |a Fondo General 
920 |a Impresos - Libros 
930 |a Colección General 
905 |a 101 
901 |a 0500285956  |b IT1  |c ACC  |i C153729  |u 20250521 
902 |a https://opac.biblio.iteso.mx/vufind/Record/000391224